000 00509nam a2200181Ia 4500
003 GCL
008 140319s9999 xx 000 0 ara d
040 _aGCL /
_cGCL
082 0 4 _a813.03
_bم ا
100 1 _aمحمد عبدالحليم عبدالله
245 1 0 _aالضفيرة السوداء /
_cمحمد عبدالحليم عبدالله
260 _a[S.N] :
_bمكتبة مصر
300 _a178 ص
490 _a
650 0 4 _aالادب العربى
650 0 4 _aالقصص
942 _2ddc
_cBK
999 _c34064
_d34064